| 000 -CABECERA |
| campo de control de longitud fija |
01377nam a2200277 4500 |
| 005 - FECHA Y HORA DE LA ÚLTIMA TRANSACCIÓN |
| campo de control |
20210325211136.0 |
| 008 - DATOS DE LONGITUD FIJA--INFORMACIÓN GENERAL |
| campo de control de longitud fija |
210325s2001 sp |||fr|||| 001 0 spa d |
| 020 ## - NÚMERO INTERNACIONAL ESTÁNDAR DEL LIBRO |
| ISBN |
8400079221 |
| 040 ## - FUENTE DE LA CATALOGACIÓN |
| Centro catalogador/agencia de origen |
CENDOC CAAAP |
| Lengua de catalogación |
spa |
| Centro/agencia transcriptor |
CAAAP |
| 041 ## - CÓDIGO DE LENGUA |
| Código de lengua del texto/banda sonora o título independiente |
spa |
| 050 ## - SIGNATURA TOPOGRÁFICA DE LA BIBLIOTECA DEL CONGRESO |
| Número de clasificación |
FP 129 |
| Número de documento/Ítem |
S17 |
| 100 1# - ENTRADA PRINCIPAL--NOMBRE DE PERSONA |
| 9 (RLIN) |
1935 |
| Nombre personal |
Sala I Vila, Núria |
| 245 1# - MENCIÓN DE TÍTULO |
| Título |
Selva y andes : |
| Subtitulo |
Ayacucho (1780-1929) historia de una región en la encrucijada / |
| Mención de responsabilidad, etc. |
Núria Sala I Vila |
| 250 ## - MENCIÓN DE EDICIÓN |
| Mención de edición |
1ra ed. |
| 260 ## - PUBLICACIÓN, DISTRIBUCIÓN, ETC. |
| Lugar de publicación, distribución, etc. |
Madrid : |
| Nombre del editor, distribuidor, etc. |
Consejo Superior de Investigaciones Científicas, |
| Fecha de publicación, distribución, etc. |
2001 |
| 300 ## - DESCRIPCIÓN FÍSICA |
| Extensión |
260 p.: |
| 490 ## - MENCIÓN DE SERIE |
| Mención de serie |
(Biblioteca de Historia de América ; |
| Volumen |
22) |
| 505 ## - NOTA DE CONTENIDO CON FORMATO |
| Nota de contenido con formato |
Contiene : Introducción -- Entre colonia y república : Ayacucho versus San Juan de Frontera de Huamanga -- La selva en las ensoñaciones de progreso en Ayacucho -- De los Andes a la Selva y de la Selva al Atlántico: vapor, ferrocarril y caminos -- La colonización del valle del río Apurímac --De frontera de Huamanga a distritos de provincias -- La selva ayacuchana: ¿territorio en conflicto o escenificación de los conflictos regionales? -- Conclusiones --Fuentes y Bibliografía |
| 650 10 - PUNTO DE ACCESO ADICIONAL DE MATERIA--TÉRMINO DE MATERIA |
| 9 (RLIN) |
8 |
| Término de materia o nombre geográfico como elemento de entrada |
Historia |
| Subdivisión cronológica |
Siglo XIII-XX |
| 650 20 - PUNTO DE ACCESO ADICIONAL DE MATERIA--TÉRMINO DE MATERIA |
| 9 (RLIN) |
244 |
| Término de materia o nombre geográfico como elemento de entrada |
Colonialismo |
| 650 20 - PUNTO DE ACCESO ADICIONAL DE MATERIA--TÉRMINO DE MATERIA |
| 9 (RLIN) |
1936 |
| Término de materia o nombre geográfico como elemento de entrada |
República |
| 650 20 - PUNTO DE ACCESO ADICIONAL DE MATERIA--TÉRMINO DE MATERIA |
| 9 (RLIN) |
1664 |
| Término de materia o nombre geográfico como elemento de entrada |
Transporte por Carretera |
| 650 20 - PUNTO DE ACCESO ADICIONAL DE MATERIA--TÉRMINO DE MATERIA |
| 9 (RLIN) |
1924 |
| Término de materia o nombre geográfico como elemento de entrada |
Conflictos Sociales |
| 651 10 - PUNTO DE ACCESO ADICIONAL DE MATERIA--NOMBRE GEOGRÁFICO |
| 9 (RLIN) |
753 |
| Nombre geográfico |
Ayacucho |
| Subdivisión geográfica |
Perú |
| 942 ## - ELEMENTOS PERSONALIZADOS KOHA |
| Fuente del sistema de clasificación o colocación |
|
| Fecha de catalogación |
24 - 03 - 21 |
| Tipo de ítem Koha |
Libros |